[Event "BPB Limburg open"]
[Site "Maastricht"]
[Date "2015.05.23"]
[Round "3"]
[White "Scholzen, Wolfgang"]
[Black "Volkov, Mykyta"]
[Result "0-1"]
[WhiteElo "2085"]
[BlackElo "2126"]
[PlyCount "82"]
[EventDate "2015.05.22"]
[EventType "swiss"]
[EventRounds "7"]
[EventCountry "NED"]
[Source "P.Boonen"]
[SourceDate "2015.10.01"]

1. d4 e6 2. Nf3 Nf6 3. c4 d5 4. Nc3 dxc4 5. e3 a6 6. a4 b6 7. Bxc4 Bb7 8. O-O
Bb4 9. Ne5 O-O 10. Qb3 Qe7 11. f4 Nc6 12. Qc2 Na5 13. Ba2 c5 14. dxc5 Bxc5 15.
Nd3 Bd6 16. Qe2 Ne4 17. Nxe4 Bxe4 18. Bd2 Rfd8 19. Nf2 Bb7 20. Bc3 Bb4 21. e4
Bxc3 22. bxc3 Qc5 23. Qf3 Rac8 24. Rfd1 Rxd1+ 25. Rxd1 Qa3 26. Qd3 h6 27. Bb1
Qxa4 28. e5 g6 29. Qg3 Kg7 30. f5 exf5 31. Bxf5 Rc5 32. Rd7 Qc6 33. Rd6 Rxc3
34. Rxc6 Rxg3 35. Rxb6 Rxg2+ 36. Kf1 gxf5 37. e6 fxe6 38. Rxe6 Rxh2 39. Re5 Nc6
40. Rxf5 Rh4 41. Rd5 Rd4 0-1

[Event "BPB Limburg open"]
[Site "Maastricht"]
[Date "2015.05.23"]
[Round "3"]
[White "Schoorl, Rob"]
[Black "Van de Perre, Tom"]
[Result "1/2-1/2"]
[WhiteElo "2334"]
[BlackElo "2073"]
[PlyCount "116"]
[EventDate "2015.05.22"]
[EventType "swiss"]
[EventRounds "7"]
[EventCountry "NED"]
[Source "P.Boonen"]
[SourceDate "2015.10.01"]

1. e4 e5 2. Nf3 Nc6 3. Bb5 f5 4. d3 fxe4 5. dxe4 Nf6 6. O-O Bc5 7. Qd3 d6 8.
Qc4 Qe7 9. Nc3 Bd7 10. Nd5 Nxd5 11. exd5 Nd4 12. Nxd4 Bxd4 13. c3 Bb6 14. a4 a6
15. Bxd7+ Qxd7 16. Be3 O-O 17. a5 Bxe3 18. fxe3 Rxf1+ 19. Rxf1 Rf8 20. Rxf8+
Kxf8 21. h3 h6 22. b4 Ke8 23. Qd3 Kf8 24. c4 Kg8 25. b5 Qc8 26. Kh2 Kf7 27. Kg3
g6 28. Kf3 Qa8 29. Qc3 Qa7 30. Qb4 Ke7 31. b6 cxb6 32. axb6 Qb8 33. c5 dxc5 34.
Qxc5+ Kd7 35. Ke4 Qd6 36. Qc3 Qxb6 37. Qxe5 Qd6 38. Qd4 Qe7+ 39. Kf3 Qf8+ 40.
Ke2 Kc7 41. e4 g5 42. e5 Qf4 43. Qc5+ Kb8 44. e6 Qe4+ 45. Kf2 Qf4+ 46. Kg1 Qe5
47. Kf2 Qf4+ 48. Ke2 Qe5+ 49. Kd3 Qg3+ 50. Ke4 Qf4+ 51. Kd3 Qg3+ 52. Qe3 Qxe3+
53. Kxe3 Kc7 54. e7 Kd7 55. d6 a5 56. Kd4 a4 57. Kc4 b5+ 58. Kb4 h5 1/2-1/2

[Event "BPB Limburg open"]
[Site "Maastricht"]
[Date "2015.05.23"]
[Round "3"]
[White "Shkapenko, Pavel"]
[Black "Offringa, Joost"]
[Result "1-0"]
[WhiteElo "2422"]
[BlackElo "2202"]
[PlyCount "63"]
[EventDate "2015.05.22"]
[EventType "swiss"]
[EventRounds "7"]
[EventCountry "NED"]
[Source "P.Boonen"]
[SourceDate "2015.10.01"]

1. e4 e6 2. d4 d5 3. exd5 exd5 4. Nf3 Bd6 5. c4 c6 6. Nc3 Ne7 7. Bd3 O-O 8. O-O
dxc4 9. Bxc4 Nd7 10. Bb3 Nb6 11. Bg5 h6 12. Bh4 Bg4 13. h3 Bf5 14. Re1 Qc7 15.
Bxe7 Bxe7 16. Ne5 Bf6 17. Qh5 Bh7 18. Re3 Bxe5 19. Rxe5 Rfe8 20. Rae1 Rxe5 21.
dxe5 Rf8 22. Ne4 c5 23. Nd6 c4 24. Rc1 cxb3 25. Rxc7 bxa2 26. Rxf7 a1=Q+ 27.
Kh2 g6 28. Rxf8+ Kxf8 29. Qf3+ Ke7 30. Qf7+ Kd8 31. Qe8+ Kc7 32. Nb5# 1-0

[Event "BPB Limburg open"]
[Site "Maastricht"]
[Date "2015.05.23"]
[Round "3"]
[White "Socko, Bartosz"]
[Black "Dambacher, Martijn"]
[Result "1-0"]
[WhiteElo "2613"]
[BlackElo "2483"]
[PlyCount "57"]
[EventDate "2015.05.22"]
[EventType "swiss"]
[EventRounds "7"]
[EventCountry "NED"]
[Source "P.Boonen"]
[SourceDate "2015.10.01"]

1. e4 e5 2. Nf3 Nc6 3. Bb5 g6 4. c3 a6 5. Bc4 Bg7 6. d4 d6 7. Bg5 Nf6 8. dxe5
dxe5 9. Nbd2 Qe7 10. b4 Be6 11. Qb3 O-O 12. Bxe6 Qxe6 13. Qxe6 fxe6 14. Bxf6
Bxf6 15. Ke2 Kf7 16. a4 a5 17. b5 Nb8 18. Nb3 Nd7 19. Rhd1 Ke7 20. Rd3 c6 21.
Rad1 Rfd8 22. bxc6 bxc6 23. Nfd2 Rdb8 24. Nc4 Rxb3 25. Rxd7+ Kf8 26. Kd3 Be7
27. Kc2 Rbb8 28. Nxe5 Rc8 29. Rb7 1-0

[Event "BPB Limburg open"]
[Site "Maastricht"]
[Date "2015.05.23"]
[Round "3"]
[White "Tate, Emory"]
[Black "Heltzel, Joost"]
[Result "1/2-1/2"]
[WhiteElo "2256"]
[BlackElo "2224"]
[PlyCount "106"]
[EventDate "2015.05.22"]
[EventType "swiss"]
[EventRounds "7"]
[EventCountry "NED"]
[Source "P.Boonen"]
[SourceDate "2015.10.01"]

1. e4 c5 2. Nf3 g6 3. d4 cxd4 4. Nxd4 Nc6 5. Be2 Bg7 6. Nb3 Nf6 7. Nc3 a5 8. a4
d6 9. Be3 O-O 10. O-O Be6 11. f4 Qc8 12. Kh1 Nb4 13. Bf3 Nd7 14. Nd4 Bc4 15.
Rf2 Rd8 16. Bg4 Qb8 17. Rd2 Nf6 18. Bf3 Rc8 19. Bf2 Bh6 20. Bg3 e5 21. Nde2 Ne8
22. b3 exf4 23. Bf2 Be6 24. Nb5 Nc6 25. Ned4 Nxd4 26. Bxd4 Ra6 27. c4 Bg7 28.
Bxg7 Kxg7 29. Qe2 Rc5 30. Bg4 Qc8 31. Bxe6 Qxe6 32. Rf1 Nc7 33. Nxc7 Rxc7 34.
Rxf4 Qe5 35. Qf3 f6 36. Rf2 Rf7 37. Qe3 Rc6 38. h3 b6 39. Rd2 Rc5 40. Rf3 Re7
41. Qd3 Re6 42. Re3 Qa1+ 43. Rd1 Qe5 44. Re2 Rc7 45. Ree1 Rce7 46. Qe3 Qc5 47.
Qf4 f5 48. Rf1 Rxe4 49. Qxd6 Qxd6 50. Rxd6 R4e6 51. Rfd1 Kf6 52. Kg1 g5 53. Kf1
h6 {.....} 1/2-1/2

[Event "BPB Limburg open"]
[Site "Maastricht"]
[Date "2015.05.23"]
[Round "3"]
[White "Timmermans, Ivo"]
[Black "Van Meegen, Ruud"]
[Result "1-0"]
[WhiteElo "2157"]
[BlackElo "2151"]
[PlyCount "115"]
[EventDate "2015.05.22"]
[EventType "swiss"]
[EventRounds "7"]
[EventCountry "NED"]
[Source "P.Boonen"]
[SourceDate "2015.10.01"]

1. e4 c5 2. Nf3 g6 3. d4 cxd4 4. Nxd4 Nc6 5. c4 Nf6 6. Nc3 Nxd4 7. Qxd4 d6 8.
Bg5 Bg7 9. Qd2 O-O 10. Bd3 Be6 11. O-O a6 12. Nd5 Bxd5 13. cxd5 Nd7 14. Rac1
Nc5 15. b4 Nxd3 16. Qxd3 Qd7 17. Rc4 Rfc8 18. Rfc1 Kf8 19. Qh3 Qxh3 20. gxh3
Rxc4 21. Rxc4 Bf6 22. Bxf6 exf6 23. Rc7 b5 24. Rd7 a5 25. bxa5 Rxa5 26. Rxd6
Rxa2 27. Rxf6 Re2 28. f3 Ke7 29. Rb6 f5 30. Kf1 Rb2 31. e5 f4 32. Rb7+ Kd8 33.
e6 Rd2 34. Rxb5 Kc7 35. Rb7+ Kd8 36. Rd7+ Ke8 37. h4 h5 38. Ke1 Rd3 39. Ke2
Re3+ 40. Kd2 Rxf3 41. Rg7 Re3 42. Rxg6 Ke7 43. Rg5 Kd6 44. Rxh5 Re4 45. Rf5 f3
46. Kd3 Rxh4 47. Ke3 Rxh2 48. Kxf3 Rh1 49. Kg4 Rh8 50. Kg5 Rh1 51. Kg6 Rd1 52.
Kf7 Rh1 53. Rf6 Re1 54. Ke8 Ke5 55. Rh6 Kxd5 56. e7 Ra1 57. Kf7 Rf1+ 58. Rf6
1-0

[Event "BPB Limburg open"]
[Site "Maastricht"]
[Date "2015.05.23"]
[Round "3"]
[White "Van Eetvelde, Ward"]
[Black "Dragun, Kamil"]
[Result "0-1"]
[WhiteElo "2102"]
[BlackElo "2580"]
[PlyCount "130"]
[EventDate "2015.05.22"]
[EventType "swiss"]
[EventRounds "7"]
[EventCountry "NED"]
[Source "P.Boonen"]
[SourceDate "2015.10.01"]

1. d4 Nf6 2. Nf3 e6 3. g3 b6 4. Bg2 Bb7 5. O-O g6 6. Bg5 Bg7 7. Re1 h6 8. Bc1
O-O 9. Nbd2 d5 10. Ne5 c5 11. e3 Nc6 12. f4 cxd4 13. Nxc6 Bxc6 14. exd4 Ne4 15.
Bxe4 Bxd4+ 16. Kf1 dxe4 17. Nxe4 Qd5 18. c3 Qb5+ 19. Qe2 Qf5 20. g4 Qa5 21. Bd2
Bg7 22. c4 Qa6 23. Bc3 Bxe4 24. Bxg7 Bf3 25. Qe5 Qxc4+ 26. Kf2 Bxg4 27. Bxf8
Rxf8 28. Rac1 Qd3 29. Qe3 Qd5 30. Kg3 Qh5 31. h4 Rd8 32. Rc3 Bd1 33. Qf2 Qd5
34. Ree3 Qf5 35. Re1 Rd5 36. Kg2 Qf6 37. Kg3 Kg7 38. Qe3 Qd8 39. b3 Kh7 40. Rh1
Rd2 41. Qe4 Rd4 42. Qe3 Qd5 43. Rh2 Bh5 44. Qe5 Rd3+ 45. Rxd3 Qxd3+ 46. Kf2
Qf3+ 47. Kg1 Qg3+ 48. Rg2 Qxh4 49. Qe3 Qf6 50. Rc2 Qd8 51. Qd2 Qh4 52. Qe3 Qg4+
53. Kh2 g5 54. fxg5 hxg5 55. Rc7 Qh4+ 56. Kg1 Bg6 57. Rxa7 g4 58. Ra4 Bf5 59.
Qe5 Qg5 60. Ra8 Qc1+ 61. Kf2 Qc2+ 62. Kg1 Qc1+ 63. Kf2 Qd2+ 64. Kg1 Qd1+ 65.
Kf2 Qf3+ 0-1

[Event "BPB Limburg open"]
[Site "Maastricht"]
[Date "2015.05.23"]
[Round "3"]
[White "Van Foreest, Jorden"]
[Black "Janssen, Ruud"]
[Result "0-1"]
[WhiteElo "2519"]
[BlackElo "2464"]
[PlyCount "140"]
[EventDate "2015.05.22"]
[EventType "swiss"]
[EventRounds "7"]
[EventCountry "NED"]
[Source "P.Boonen"]
[SourceDate "2015.10.01"]

1. e4 e5 2. Nf3 Nc6 3. Bb5 a6 4. Ba4 Nf6 5. O-O Be7 6. d3 d6 7. c3 O-O 8. Re1
Bg4 9. Nbd2 Nd7 10. Bc2 h6 11. h3 Bh5 12. Nf1 Bg5 13. Bxg5 Bxf3 14. Qxf3 Qxg5
15. Ne3 g6 16. Rad1 h5 17. Nd5 Rac8 18. d4 Kg7 19. Bb3 Nf6 20. dxe5 dxe5 21.
Nxf6 Qxf6 22. Qxf6+ Kxf6 23. Rd7 Nb8 24. Rd5 Rcd8 25. Red1 Rxd5 26. Rxd5 c6 27.
Rd2 h4 28. Kf1 Ke7 29. Ke2 Nd7 30. Ke3 Nf6 31. Bd1 Ne8 32. f4 Nd6 33. Bb3 f5
34. exf5 Nxf5+ 35. Ke4 Ng3+ 36. Kxe5 Rf5+ 37. Kd4 Rxf4+ 38. Kd3 Kf6 39. Bd1 Ne4
40. Ke3 Nxd2 41. Kxf4 g5+ 42. Ke3 Nc4+ 43. Kd4 Nxb2 44. Bb3 Kf5 45. Bf7 Na4 46.
c4 Kf4 47. Bh5 c5+ 48. Kd3 Kg3 49. Bf3 b5 50. cxb5 axb5 51. Bc6 Nb6 52. Kc3 b4+
53. Kb3 Kf2 54. Bb7 Ke3 55. Bc6 Kd4 56. Bb5 Nd5 57. Be2 Nc3 58. Ba6 Nd5 59. Be2
Nf4 60. Bf3 Nd3 61. Ba8 c4+ 62. Kc2 Nc5 63. Bf3 b3+ 64. axb3 cxb3+ 65. Kb2 Kc4
66. Bd1 Nd3+ 67. Ka3 b2 68. Ka2 Kc3 69. Ba4 Nc1+ 70. Kb1 Nb3 0-1

[Event "BPB Limburg open"]
[Site "Maastricht"]
[Date "2015.05.23"]
[Round "3"]
[White "Van Foreest, Lucas"]
[Black "Broekmeulen, Joris"]
[Result "1-0"]
[WhiteElo "2312"]
[BlackElo "2124"]
[PlyCount "247"]
[EventDate "2015.05.22"]
[EventType "swiss"]
[EventRounds "7"]
[EventCountry "NED"]
[Source "P.Boonen"]
[SourceDate "2015.10.01"]

1. e4 d5 2. exd5 Qxd5 3. Nc3 Qd6 4. Nf3 Nf6 5. d4 c6 6. Be2 Bf5 7. O-O e6 8. h3
h6 9. Ne5 Nbd7 10. Bf4 Nxe5 11. dxe5 Qxd1 12. Rfxd1 Nd7 13. Bd3 Bxd3 14. Rxd3
O-O-O 15. Rad1 Be7 16. b3 Nc5 17. Rxd8+ Rxd8 18. Rxd8+ Kxd8 19. Be3 b6 20. f4
h5 21. Kf2 Kd7 22. Kg3 Na6 23. Nb1 Nb4 24. c3 Nd5 25. Bd2 a6 26. c4 Nb4 27. Nc3
c5 28. Kf3 Kc6 29. Ke4 g6 30. g3 Kc7 31. Bc1 Nc2 32. Kd3 Nd4 33. Be3 Nc6 34.
Ke4 Nb4 35. Bd2 Nc6 36. Ne2 Kd7 37. Bc3 b5 38. Kd3 Kc7 39. Ng1 Kb6 40. Nf3 b4
41. Bd2 a5 42. Be3 Nb8 43. Ke4 Kc6 44. Ne1 Nd7 45. Nd3 Nb6 46. Bf2 a4 47. Ne1
a3 48. Kd3 Nd7 49. Nf3 Nb6 50. Nd2 Nd7 51. Ne4 Nb6 52. Kc2 Nd7 53. Kd2 Nb6 54.
Kc1 Nd7 55. Kd1 Nb6 56. Ke1 Nd7 57. Ke2 Nb8 58. Kf3 Kb6 59. Be3 Nc6 60. Bf2 Na5
61. Nd2 Kc6 62. Ke4 Nb7 63. Kd3 Na5 64. Kc2 Nb7 65. Nf1 Na5 66. Ne3 Nb7 67. Kb1
Na5 68. Kc1 Nb7 69. Kc2 Na5 70. g4 hxg4 71. Nxg4 Kd7 72. Be3 Nb7 73. Nf2 Na5
74. Ne4 Kc6 75. Bc1 Nb7 76. Kd1 Na5 77. Kd2 Kc7 78. Kd3 Nc6 79. Be3 Kb6 80. Kc2
Na5 81. Nd2 Kc6 82. Kd3 Kd7 83. Ke4 Kc6 84. Bf2 Nb7 85. Ke3 Na5 86. Ke2 Kd7 87.
Kf3 Kc6 88. Kg2 Kd7 89. Kf3 Kc6 90. Kg4 Kd7 91. h4 Ke8 92. Kf3 Kd7 93. Ke2 Kc6
94. Ke3 Kd7 95. Kd3 Kc6 96. Kc2 Nb7 97. Nf3 Na5 98. Be3 Nb7 99. Bc1 Na5 100.
Kd3 Nb7 101. Ke2 Na5 102. Ke1 Kd7 103. Ke2 Nc6 104. Kf2 Nd4 105. Nxd4 Bxh4+
106. Ke3 cxd4+ 107. Kxd4 Kc6 108. Bd2 Be7 109. Ke4 Kc5 110. Be3+ Kc6 111. Bd4
Bd8 112. Kd3 Be7 113. Ke3 Bf8 114. Kf3 Be7 115. Kg4 Bd8 116. Bf2 f5+ 117. exf6
Bxf6 118. Bh4 Bc3 119. Kg5 e5 120. fxe5 Bxe5 121. Kxg6 Bd6 122. Kf5 Kc5 123.
Ke6 Bc7 124. Be7+ 1-0

[Event "BPB Limburg open"]
[Site "Maastricht"]
[Date "2015.05.23"]
[Round "3"]
[White "Van Osch, Mees"]
[Black "Van Dooren, Dirk"]
[Result "1/2-1/2"]
[WhiteElo "2248"]
[BlackElo "2284"]
[PlyCount "114"]
[EventDate "2015.05.22"]
[EventType "swiss"]
[EventRounds "7"]
[EventCountry "NED"]
[Source "P.Boonen"]
[SourceDate "2015.10.01"]

1. e4 e5 2. Nf3 Nc6 3. c3 Nf6 4. d4 exd4 5. e5 Ne4 6. Qe2 f5 7. exf6 d5 8. Nbd2
d3 9. Qe3 Bc5 10. fxg7 Rg8 11. Nd4 Rxg7 12. Bxd3 Qf6 13. Nxe4 dxe4 14. Bxe4 Re7
15. O-O Bf5 16. Bxc6+ bxc6 17. Qg5 Bxd4 18. cxd4 Qf7 19. Bf4 O-O-O 20. Be5 Rg8
21. Qf4 Bh3 22. Qxf7 Rxg2+ 23. Kh1 Rxf7 24. Bg3 h5 25. Rfc1 h4 26. Bxh4 Rg4 27.
Bg3 Rxd4 28. Rxc6 Rfd7 29. Rcc1 Rd2 30. b4 Kb7 31. b5 a6 32. a4 axb5 33. Rab1
c6 34. axb5 c5 35. Re1 Kb6 36. Rec1 Bf5 37. Ra1 Be4+ 38. Kg1 Kxb5 39. h4 c4 40.
Kh2 Kb4 41. Kh3 c3 42. Kg4 c2 43. f3 Bh7 44. Be1 Kb3 45. Bxd2 Rxd2 46. h5 Kb2
47. Kg5 Rg2+ 48. Kh6 Bd3 49. Rg1 Rf2 50. Kg7 Rxf3 51. h6 Rh3 52. Rae1 Kc3 53.
Re7 Kd2 54. Rc7 Rh2 55. Rg3 Rh1 56. Rg2+ Kd1 57. Rg3 Kd2 1/2-1/2

[Event "BPB Limburg open"]
[Site "Maastricht"]
[Date "2015.05.23"]
[Round "3"]
[White "Van den Hatert, Roy"]
[Black "Heemskerk, Wim"]
[Result "1/2-1/2"]
[WhiteElo "2118"]
[BlackElo "2199"]
[PlyCount "65"]
[EventDate "2015.05.22"]
[EventType "swiss"]
[EventRounds "7"]
[EventCountry "NED"]
[Source "P.Boonen"]
[SourceDate "2015.10.01"]

1. e4 e6 2. d4 d5 3. Nc3 Nf6 4. Bg5 Be7 5. e5 Nfd7 6. Bxe7 Qxe7 7. f4 a6 8. Nf3
Nb6 9. Qd2 Bd7 10. O-O-O Bb5 11. Nxb5 axb5 12. Bxb5+ c6 13. Bd3 Rxa2 14. Kb1
Ra4 15. g4 Nc4 16. Bxc4 dxc4 17. Ng5 b5 18. c3 Qa7 19. Kc2 Ra2 20. Rb1 Qa4+ 21.
Kc1 Ra1 22. f5 Qa2 23. Qc2 h6 24. Nh3 Qxb1+ 25. Qxb1 Rxb1+ 26. Kxb1 h5 27. fxe6
hxg4 28. exf7+ Kxf7 29. Nf2 g3 30. hxg3 Rxh1+ 31. Nxh1 Ke6 32. Kc2 c5 33. dxc5
1/2-1/2

[Event "BPB Limburg open"]
[Site "Maastricht"]
[Date "2015.05.23"]
[Round "3"]
[White "Van der Auweraert, Elwin"]
[Black "Dalemans, Diana"]
[Result "1-0"]
[WhiteElo "2260"]
[BlackElo "2012"]
[PlyCount "87"]
[EventDate "2015.05.22"]
[EventType "swiss"]
[EventRounds "7"]
[EventCountry "NED"]
[Source "P.Boonen"]
[SourceDate "2015.10.01"]

1. e4 g6 2. d4 Bg7 3. Nf3 c5 4. c4 cxd4 5. Nxd4 Nc6 6. Be3 d6 7. Nc3 Nf6 8. Be2
O-O 9. O-O Bd7 10. Qd2 Nxd4 11. Bxd4 Bc6 12. f3 a5 13. b3 Nd7 14. Be3 Nc5 15.
Rac1 Qb6 16. Nd5 Bxd5 17. cxd5 Rfc8 18. Rc4 Qd8 19. Rfc1 b6 20. f4 Rcb8 21. Bf3
f5 22. exf5 gxf5 23. Bd4 Qf8 24. Re1 Ra7 25. Rc3 Bxd4+ 26. Qxd4 Qg7 27. Qd2 Kh8
28. Kh1 Rg8 29. Rce3 Qf7 30. Qe2 Rg7 31. Qb5 Rb7 32. Qc6 Qf8 33. a3 Qb8 34. b4
axb4 35. axb4 Na6 36. Qc4 b5 37. Qd4 Qd8 38. Rc3 Nc7 39. Rec1 Qb8 40. Be2 Kg8
41. Rc6 e6 42. dxe6 Re7 43. Bf3 Kf8 44. Qh8# 1-0

[Event "BPB Limburg open"]
[Site "Maastricht"]
[Date "2015.05.23"]
[Round "3"]
[White "Van der Valk, Niklas"]
[Black "Ratsma, Midas"]
[Result "1-0"]
[WhiteElo "2128"]
[BlackElo "2182"]
[PlyCount "97"]
[EventDate "2015.05.22"]
[EventType "swiss"]
[EventRounds "7"]
[EventCountry "NED"]
[Source "P.Boonen"]
[SourceDate "2015.10.01"]

1. d4 Nf6 2. c4 g6 3. Nc3 d5 4. Nf3 Bg7 5. Bf4 O-O 6. e3 c5 7. dxc5 Qa5 8. Rc1
dxc4 9. Bxc4 Qxc5 10. Bb3 Nc6 11. O-O Qa5 12. Qe2 Bf5 13. h3 Rad8 14. e4 Bc8
15. Nd5 Rd7 16. Bd2 Qd8 17. Bc3 Nxd5 18. Bxd5 Bxc3 19. Rxc3 Qa5 20. Qc4 e6 21.
Bxc6 bxc6 22. b4 Qb5 23. Rb1 Bb7 24. Qc5 Qe2 25. Qc4 Rd1+ 26. Rxd1 Qxd1+ 27.
Kh2 Rd8 28. Qc5 Qd6+ 29. Qxd6 Rxd6 30. Kg3 Kf8 31. Kf4 h6 32. Ke3 Ke7 33. Ne5
g5 34. Nc4 Rd7 35. Na5 Rc7 36. b5 c5 37. Nxb7 Rxb7 38. Rxc5 Kd6 39. Kd4 Rd7 40.
Rc6+ Ke7+ 41. Kc5 Kf6 42. a4 Ke5 43. b6 Kxe4 44. a5 Rd5+ 45. Kb4 a6 46. Rc5 Rd1
47. Rc7 Rb1+ 48. Kc5 Ke5 49. Kc6 1-0

[Event "BPB Limburg open"]
[Site "Maastricht"]
[Date "2015.05.23"]
[Round "3"]
[White "Vanhuyse, Nele"]
[Black "Fuchs, Judith"]
[Result "1/2-1/2"]
[WhiteElo "2035"]
[BlackElo "2273"]
[PlyCount "83"]
[EventDate "2015.05.22"]
[EventType "swiss"]
[EventRounds "7"]
[EventCountry "NED"]
[Source "P.Boonen"]
[SourceDate "2015.10.01"]

1. e4 c5 2. Nf3 Nc6 3. d4 cxd4 4. Nxd4 Nf6 5. Nc3 d6 6. Bc4 Qb6 7. Nb3 e6 8.
O-O Be7 9. Bg5 O-O 10. Bxf6 gxf6 11. Kh1 Kh8 12. f4 Rg8 13. Qh5 Rg7 14. f5 Bd7
15. Qh3 Nd8 16. Rad1 Rc8 17. Be2 a5 18. a4 Nc6 19. Bh5 Ne5 20. Nd4 Qxb2 21.
Ncb5 Bxb5 22. axb5 Rc3 23. Qh4 Rc4 24. Qf2 Rg8 25. Be2 Rcc8 26. Rb1 Qc3 27. Rb3
Qd2 28. Rd1 Ng4 29. Qg3 Qg5 30. fxe6 Ne5 31. Qxg5 fxg5 32. exf7 Nxf7 33. Bg4
Rc5 34. Be6 Rf8 35. Bd5 Nd8 36. c4 b6 37. Nf5 Rc7 38. Kg1 Nf7 39. Nd4 Rcc8 40.
Nf5 Rc7 41. Nd4 Rcc8 42. Nf5 1/2-1/2

[Event "BPB Limburg open"]
[Site "Maastricht"]
[Date "2015.05.23"]
[Round "3"]
[White "Vogel, Jaap"]
[Black "Majhi, Ankit"]
[Result "1/2-1/2"]
[WhiteElo "2163"]
[BlackElo "2178"]
[PlyCount "109"]
[EventDate "2015.05.22"]
[EventType "swiss"]
[EventRounds "7"]
[EventCountry "NED"]
[Source "P.Boonen"]
[SourceDate "2015.10.01"]

1. d4 Nf6 2. Nf3 g6 3. g3 Bg7 4. Bg2 O-O 5. O-O d6 6. c4 Nc6 7. Nc3 a6 8. Bf4
Rb8 9. Rc1 h6 10. d5 e5 11. dxe6 Bxe6 12. b3 Qd7 13. Qd2 Kh7 14. Rfd1 Rfe8 15.
c5 dxc5 16. Qxd7 Nxd7 17. Na4 Nb4 18. Rd2 Nd5 19. Nxc5 Nxc5 20. Rxc5 Nxf4 21.
gxf4 c6 22. Ne5 Bf8 23. Rc1 Rbd8 24. Rcd1 Rxd2 25. Rxd2 Bb4 26. Rd3 Kg7 27. e4
Ba5 28. Nc4 Rd8 29. Rxd8 Bxd8 30. Nd6 b6 31. f5 gxf5 32. Nxf5+ Kg6 33. Nd4 Bd7
34. e5 c5 35. Nc6 Bg5 36. Be4+ Bf5 37. Bd5 a5 38. f4 Bxf4 39. Ne7+ Kg5 40. Nxf5
Kxf5 41. a4 Kxe5 42. Bxf7 Kd4 43. h3 Kc3 44. Kf2 Kb4 45. Ke2 b5 46. axb5 Kxb5
47. Kd3 Kb4 48. Bc4 Be5 49. Be6 Bd4 50. Bc4 h5 51. Bf7 h4 52. Be6 Ka3 53. Kc4
a4 54. bxa4 Kxa4 55. Bg4 1/2-1/2

[Event "BPB Limburg open"]
[Site "Maastricht"]
[Date "2015.05.23"]
[Round "3"]
[White "Watzlawek, Markus"]
[Black "Vuilleumier, Alexandre"]
[Result "0-1"]
[WhiteElo "2107"]
[BlackElo "2356"]
[PlyCount "44"]
[EventDate "2015.05.22"]
[EventType "swiss"]
[EventRounds "7"]
[EventCountry "NED"]
[Source "P.Boonen"]
[SourceDate "2015.10.01"]

1. d4 Nf6 2. c4 e6 3. g3 d5 4. Bg2 dxc4 5. Qa4+ Nbd7 6. Nd2 c6 7. Qxc4 e5 8.
Ngf3 exd4 9. Qxd4 Bc5 10. Qd3 O-O 11. O-O Nb6 12. Qc2 Qe7 13. e4 Be6 14. e5
Nfd7 15. Ne4 h6 16. Bd2 Bf5 17. Rae1 Nd5 18. Kh1 Bb6 19. Nh4 Bxe4 20. Bxe4 Nc5
21. Bg2 a5 22. Nf3 Qe6 {.....} 0-1

[Event "BPB Limburg open"]
[Site "Maastricht"]
[Date "2015.05.24"]
[Round "4"]
[White "Beeke, Bobby"]
[Black "Bus, Tom"]
[Result "0-1"]
[WhiteElo "2250"]
[BlackElo "2111"]
[PlyCount "126"]
[EventDate "2015.05.22"]
[EventType "swiss"]
[EventRounds "7"]
[EventCountry "NED"]
[Source "P.Boonen"]
[SourceDate "2015.10.01"]

1. d4 Nf6 2. c4 g6 3. Nc3 Bg7 4. e4 d6 5. Be2 O-O 6. Be3 Na6 7. h4 h5 8. Nh3 c5
9. d5 Nc7 10. f3 a6 11. a4 Rb8 12. Ng5 Bd7 13. a5 b6 14. axb6 Rxb6 15. Qc2 Qb8
16. Ra2 Qb7 17. O-O Rb8 18. Bd3 Be8 19. Bc1 Nd7 20. f4 Bd4+ 21. Kh1 Nf6 22. Nf3
Ng4 23. Nxd4 cxd4 24. Nd1 Rb3 25. Qd2 Qb6 26. Rf3 e5 27. Bc2 Rb4 28. b3 a5 29.
f5 Na6 30. Rg3 Qd8 31. Rxg4 hxg4 32. Qh6 Qf6 33. Nf2 Qh8 34. Qg5 Qh5 35. Nd3
Qxg5 36. Bxg5 gxf5 37. exf5 a4 38. bxa4 Rxc4 39. Kh2 Rbc8 40. Bb1 Nb4 41. Nxb4
Rxb4 42. Bc2 Rbc4 43. Bd1 Bd7 44. Bxg4 Rxa4 45. Rb2 d3 46. Kg3 Rc3 47. Bd2 Rc2
48. Rb8+ Bc8 49. Bd1 Rac4 50. Bxc2 dxc2 51. Bc1 Kg7 52. Rb6 Bxf5 53. Rxd6 Rg4+
54. Kf2 Rxh4 55. Bb2 f6 56. Rc6 Rb4 57. Ba3 Rd4 58. Rc7+ Kg6 59. d6 Rd2+ 60.
Kg1 e4 61. Kf1 e3 62. Rc3 Bd3+ 63. Ke1 Rd1# 0-1

[Event "BPB Limburg open"]
[Site "Maastricht"]
[Date "2015.05.24"]
[Round "4"]
[White "Beukema, Stefan"]
[Black "Boons, Patrick"]
[Result "1-0"]
[WhiteElo "2347"]
[BlackElo "2024"]
[PlyCount "89"]
[EventDate "2015.05.22"]
[EventType "swiss"]
[EventRounds "7"]
[EventCountry "NED"]
[Source "P.Boonen"]
[SourceDate "2015.10.01"]

1. e4 d5 2. exd5 Nf6 3. Nf3 Nxd5 4. d4 g6 5. Be2 Bg7 6. O-O O-O 7. c4 Nf6 8.
Nc3 Nbd7 9. Bf4 c6 10. Qb3 Nh5 11. Be3 Qc7 12. Rfe1 Nhf6 13. g3 Re8 14. Bf4 Qb6
15. Qa3 h6 16. h4 Nh5 17. Be3 Qc7 18. Kh2 e5 19. Nxe5 Nxe5 20. dxe5 Qxe5 21.
Bxh5 Qxh5 22. Bd4 Bf5 23. Bxg7 Kxg7 24. Rxe8 Rxe8 25. Qxa7 Qf3 26. Qd4+ Kg8 27.
Qf4 Be4 28. Rg1 Kg7 29. Qxf3 Bxf3 30. g4 h5 31. gxh5 Bxh5 32. b3 Rd8 33. Re1
Rd7 34. Kg3 f5 35. Na4 b5 36. Nc5 Ra7 37. a4 bxc4 38. b4 c3 39. Rc1 Kf6 40.
Rxc3 Ke5 41. Rd3 f4+ 42. Kg2 Bg4 43. Rd8 Rh7 44. f3 Bf5 45. a5 1-0

[Event "BPB Limburg open"]
[Site "Maastricht"]
[Date "2015.05.24"]
[Round "4"]
[White "Bezemer, Arno"]
[Black "Burg, Brent"]
[Result "1/2-1/2"]
[WhiteElo "2292"]
[BlackElo "2214"]
[PlyCount "67"]
[EventDate "2015.05.22"]
[EventType "swiss"]
[EventRounds "7"]
[EventCountry "NED"]
[Source "P.Boonen"]
[SourceDate "2015.10.01"]

1. e4 d6 2. d4 Nf6 3. Nc3 Nbd7 4. Nf3 e5 5. Bc4 Be7 6. O-O O-O 7. Re1 c6 8. a4
a5 9. b3 Qc7 10. Ba3 Nb6 11. Be2 Re8 12. Qd2 Bg4 13. h3 Bxf3 14. Bxf3 Bf8 15.
Rad1 exd4 16. Qxd4 Rad8 17. Bb2 d5 18. exd5 Rxe1+ 19. Rxe1 Nbxd5 20. Nxd5 Nxd5
21. Qe5 Qxe5 22. Rxe5 f6 23. Re1 Nb4 24. Rd1 Rxd1+ 25. Bxd1 Kf7 26. Kf1 Ke6 27.
Bd4 Kd5 28. c3 Na2 29. Bf3+ Ke6 30. Ke1 c5 31. Be3 c4 32. bxc4 Nxc3 33. Bd2 Bb4
34. Bxc3 1/2-1/2

[Event "BPB Limburg open"]
[Site "Maastricht"]
[Date "2015.05.24"]
[Round "4"]
[White "Blom, Vincent"]
[Black "Ritsema, Ronald"]
[Result "1/2-1/2"]
[WhiteElo "2243"]
[BlackElo "2012"]
[PlyCount "45"]
[EventDate "2015.05.22"]
[EventType "swiss"]
[EventRounds "7"]
[EventCountry "NED"]
[Source "P.Boonen"]
[SourceDate "2015.10.01"]

1. g3 c5 2. c4 g6 3. Bg2 Bg7 4. Nf3 Nc6 5. O-O d6 6. Nc3 e5 7. d3 Nge7 8. Ne1
O-O 9. Nc2 Be6 10. Ne3 Qd7 11. a3 Rab8 12. Rb1 a6 13. b4 cxb4 14. axb4 b5 15.
Ned5 bxc4 16. dxc4 Bxd5 17. Nxd5 Nxd5 18. Qxd5 Nxb4 19. Qd2 a5 20. c5 Rfd8 21.
Rd1 Bf8 22. Ba3 Qa4 23. Bxb4 1/2-1/2

[Event "BPB Limburg open"]
[Site "Maastricht"]
[Date "2015.05.24"]
[Round "4"]
[White "Broekmeulen, Jasper"]
[Black "Decoster, Frederic"]
[Result "0-1"]
[WhiteElo "2394"]
[BlackElo "2303"]
[PlyCount "112"]
[EventDate "2015.05.22"]
[EventType "swiss"]
[EventRounds "7"]
[EventCountry "NED"]
[Source "P.Boonen"]
[SourceDate "2015.10.01"]

1. e4 c5 2. Nf3 d6 3. d4 cxd4 4. Nxd4 Nf6 5. Nc3 Nc6 6. f3 e5 7. Nb3 Be7 8. Be3
O-O 9. Qd2 a5 10. Bb5 Na7 11. Bd3 Be6 12. Rd1 Nc8 13. O-O Nb6 14. Qf2 Nc4 15.
Bxc4 Bxc4 16. Rfe1 a4 17. Nc1 Be6 18. a3 h6 19. Nd3 Qc8 20. Nb4 Bc4 21. Bb6 Re8
22. Rd2 Bf8 23. Red1 Re6 24. Ncd5 Nxd5 25. Nxd5 Rg6 26. Be3 Qc6 27. Nb6 Ra6 28.
Nxc4 Qxc4 29. Qe2 Qc6 30. Rd5 Re6 31. R1d3 Qc4 32. Rd2 Qc6 33. Kf1 Be7 34. R2d3
Bd8 35. Rc3 Qd7 36. Qb5 Qe7 37. Rc8 Kh7 38. Rb8 Qh4 39. Qxb7 Ra5 40. Qxf7 Rxd5
41. exd5 Rf6 42. Qe8 Qc4+ 43. Kg1 Qe2 44. h3 Qxe3+ 45. Kh2 Qf4+ 46. Kh1 Rf8 47.
Qd7 Bh4 48. Rxf8 Qxf8 49. Qxa4 Qf4 50. Qe4+ Kg8 51. a4 Bf2 52. Qxf4 exf4 53. a5
Kf7 54. b4 Ke7 55. c4 Kd7 56. b5 Kc7 0-1